| 000 | 00740am a2200265a 44500 | ||
|---|---|---|---|
| 003 | AR-BaBNM | ||
| 005 | 20251128205138.0 | ||
| 008 | 156119s1980 #AR|||||||||||000 | esp|| | ||
| 040 | _cAR-BaBNM | ||
| 100 | 1 | _aCampos, María Luisa de Luján | |
| 245 | 1 | 0 |
_aLibro de lectura integral para el adulto _b2do nivel |
| 250 | _a1ª ed. | ||
| 260 |
_aBuenos Aires _bPlus Ultra _c1980 |
||
| 300 |
_bil., mapas _a268 p. |
||
| 650 | 4 | _aEDUCACION DE ADULTOS | |
| 650 | 4 | _aMEJORA DE LA LECTURA | |
| 650 | 4 | _aACTIVIDADES DE APRENDIZAJE | |
| 650 | 4 | _aLIBROS DE TEXTO | |
| 650 | 4 | _aLECTURA SILENCIOSA | |
| 653 | _aEXPRESION ESCRITA | ||
| 653 | _aCOMPRENSION LECTORA | ||
| 653 | _aENSEÑANZA DE LA LENGUA | ||
| 942 | _cBK | ||
| 998 | _cCarmen | ||
| 999 |
_c10175 _d10175 |
||